| 000 | 01051nam a2200229Ia 4500 | ||
|---|---|---|---|
| 999 |
_c45434 _d45434 |
||
| 001 | 12258 | ||
| 003 | GE_BSU | ||
| 005 | 20230616154948.0 | ||
| 008 | 181216s2003||||ge |||||||||||||| ||geo|| | ||
| 040 | _cGE_BSU | ||
| 041 | _ageo | ||
| 080 | _a903.531+003.322 ვ-25 | ||
| 100 |
_aვაშაკიძე, გიზო _918781 |
||
| 245 |
_aპერსონალური ტორნადო ფარაონის სულისათვის : _bპირამიდის საიდუმლო საქართველოში გაიხნა / _cგიზო ვაშაკიძე; [რედ. არჩილ ხანთაძე]. |
||
| 264 |
_aთბილისი, _c2003. |
||
| 300 |
_a120 გვ. : _bილ.; _c20 სმ. |
||
| 504 | _aბიბლიოგრ.: გვ. 118-119. | ||
| 653 | _aპირამიდები. | ||
| 653 | _aეგვიპტური იეროგლიფები | ||
| 700 |
_aხანთაძე, არჩილ _eრედაქტორი _918782 |
||
| 942 |
_cBK _2udc |
||